[Event "Albrecht-Beer-Turnier Gera"]
[Site "Gera"]
[Date "2024.10.04"]
[Round "3.22"]
[White "Vo, Thomi"]
[Black "Helms, Sven"]
[Result "0-1"]
[WhiteElo "1748"]
[BlackElo "1966"]
[PlyCount "92"]
[EventDate "2024.10.03"]
[WhiteTeam "Erfurter SK"]
[BlackTeam "SF Schwerin"]

1. e4 e6 2. d4 d5 3. exd5 exd5 4. Nf3 Bd6 5. Nc3 Ne7 6. Be2 O-O 7. O-O Bg4 8.
h3 Bh5 9. Nb5 Bb4 10. Bd2 Bxd2 11. Qxd2 a6 12. Nc3 Nbc6 13. Rad1 Qd6 14. Ne5
Bxe2 15. Qxe2 Rfe8 16. Nxc6 Nxc6 17. Qf3 Rad8 18. a3 Re6 19. Rd2 Rf6 20. Qe3 h6
21. Re2 Re6 22. Qd3 Rde8 23. Rd1 Rxe2 24. Nxe2 Re4 25. c3 Ne7 26. c4 Qe6 27.
Nc3 Re1+ 28. Rxe1 Qxe1+ 29. Qf1 Qxf1+ 30. Kxf1 dxc4 31. Ke2 Nf5 32. d5 Kf8 33.
g4 Nd6 34. Ke3 Ke7 35. Kd4 Kd7 36. Ke5 c6 37. Kd4 b6 38. dxc6+ Kxc6 39. f4 b5
40. a4 b4 41. Nd5 a5 42. Ne3 c3 43. bxc3 b3 44. Nd1 f5 45. gxf5 Nxf5+ 46. Kc4
Ne3+ 0-1

[Event "Albrecht-Beer-Turnier Gera"]
[Site "Gera"]
[Date "2024.10.04"]
[Round "3.23"]
[White "Gast, Rainer"]
[Black "Kühnl, Bernd"]
[Result "1/2-1/2"]
[WhiteElo "1965"]
[BlackElo "1813"]
[PlyCount "29"]
[EventDate "2024.10.03"]
[WhiteTeam "SV Breitenworbis"]
[BlackTeam "VfL 1990 Gera"]

1. d4 d5 2. c4 dxc4 3. Nf3 Nf6 4. Nc3 c6 5. Ne5 e6 6. Nxc4 Be7 7. Bf4 O-O 8. e3
Nbd7 9. Be2 Nb6 10. Ne5 Bb4 11. O-O Bxc3 12. bxc3 Nfd5 13. Qc2 Nxf4 14. exf4
Qc7 15. Bd3 1/2-1/2

[Event "Albrecht-Beer-Turnier Gera"]
[Site "Gera"]
[Date "2024.10.04"]
[Round "3.24"]
[White "Reimann, Hubert"]
[Black "Pleyer, Jürgen"]
[Result "1/2-1/2"]
[WhiteElo "1956"]
[BlackElo "1806"]
[PlyCount "28"]
[EventDate "2024.10.03"]
[WhiteTeam "SV Motor Zeitz"]
[BlackTeam "VfL 1990 Gera"]

1. d4 d5 2. Nf3 Nf6 3. c4 e6 4. Nc3 Be7 5. e3 O-O 6. Bd3 Nbd7 7. b3 c6 8. O-O
h6 9. Qe2 Bb4 10. Bb2 Re8 11. a3 Bd6 12. Rac1 e5 13. dxe5 Nxe5 14. Nxe5 Bxe5
1/2-1/2

[Event "Albrecht-Beer-Turnier Gera"]
[Site "Gera"]
[Date "2024.10.04"]
[Round "3.25"]
[White "Kitzig, Tobias"]
[Black "Skibbe, Diana"]
[Result "0-1"]
[WhiteElo "1714"]
[BlackElo "1955"]
[PlyCount "70"]
[EventDate "2024.10.03"]
[WhiteTeam "SV 1861 Liebschwitz"]
[BlackTeam "SC Rochade Zeulenroda"]

1. d4 f5 2. g3 Nf6 3. Bg2 g6 4. c4 Bg7 5. Nc3 d6 6. Nf3 O-O 7. O-O Qe8 8. d5 e5
9. dxe6 Na6 10. Nd4 c6 11. Bf4 Qe7 12. e4 Nxe4 13. Nxe4 fxe4 14. Bxe4 Nc5 15.
Bg2 Be5 16. Bxe5 dxe5 17. Nf3 e4 18. Nd2 Bxe6 19. Qe2 Rae8 20. Rfe1 Qf7 21. b3
Bf5 22. Qe3 b6 23. Qc3 Bg4 24. Qe3 Bf3 25. Rf1 Qf5 26. b4 Nd3 27. c5 Nxb4 28.
cxb6 Nd5 29. Qd4 axb6 30. Rab1 Bxg2 31. Kxg2 e3 32. fxe3 Nxe3+ 33. Kg1 Nxf1 34.
Rxf1 Qc5 35. Qxc5 Rxf1+ 0-1

[Event "Albrecht-Beer-Turnier Gera"]
[Site "Gera"]
[Date "2024.10.04"]
[Round "3.27"]
[White "Kottwitz, Daniel"]
[Black "Horatschek, Peter"]
[Result "1-0"]
[WhiteElo "1948"]
[BlackElo "1798"]
[PlyCount "45"]
[EventDate "2024.10.03"]
[WhiteTeam "SZ Elstertal Langenberg"]
[BlackTeam "fuß brothers Jena"]

1. d4 Nf6 2. Bf4 g6 3. Nc3 d5 4. e3 Bg7 5. h4 c5 6. Nb5 Na6 7. h5 Nxh5 8. Rxh5
gxh5 9. Qxh5 Qa5+ 10. c3 Be6 11. Nf3 Rc8 12. Ng5 Qb6 13. Be2 h6 14. Nxe6 Qxe6
15. a4 Qe4 16. Qg4 Rc6 17. Qxg7 Rh7 18. Qg8+ Kd7 19. O-O-O Nb4 20. Na3 Na2+ 21.
Kd2 cxd4 22. Bb5 dxc3+ 23. bxc3 1-0

[Event "Albrecht-Beer-Turnier Gera"]
[Site "Gera"]
[Date "2024.10.04"]
[Round "3.29"]
[White "Steinbacher, Claudia"]
[Black "Tittmann, Julian"]
[Result "1-0"]
[WhiteElo "2041"]
[BlackElo "1767"]
[PlyCount "51"]
[EventDate "2024.10.03"]
[WhiteTeam "Rodewischer Schachmiezen"]
[BlackTeam "fuß brothers Jena"]

1. d4 Nf6 2. c4 e6 3. Nc3 Bb4 4. e3 b6 5. Bd3 Bb7 6. f3 Bxc3+ 7. bxc3 d5 8. Ne2
Nbd7 9. O-O O-O 10. Ng3 c5 11. e4 dxe4 12. fxe4 cxd4 13. cxd4 Nc5 14. d5 Nxd3
15. Qxd3 Qd6 16. Ba3 Qe5 17. Bxf8 Rxf8 18. Rac1 Ng4 19. h3 Nh6 20. Qc3 Qg5 21.
Qf3 exd5 22. cxd5 Qd2 23. Qf2 Qd3 24. Rfd1 Qa3 25. Rc7 Qa6 26. Nh5 1-0

[Event "Albrecht-Beer-Turnier Gera"]
[Site "Gera"]
[Date "2024.10.04"]
[Round "3.30"]
[White "Kötz, Michael"]
[Black "Puschendorf, Steffen"]
[Result "1/2-1/2"]
[WhiteElo "1772"]
[BlackElo "2032"]
[PlyCount "158"]
[EventDate "2024.10.03"]
[WhiteTeam "Einheit Börnichen"]
[BlackTeam "ESV Gera"]

1. c4 g6 2. Nc3 Bg7 3. g3 e5 4. Bg2 Nc6 5. e4 d6 6. Nf3 f5 7. d3 Nf6 8. Rb1 a5
9. O-O O-O 10. a3 h6 11. Bd2 g5 12. b4 axb4 13. axb4 Be6 14. b5 Ne7 15. Qc2 Ng6
16. Rfc1 f4 17. Nd5 b6 18. Ra1 Qd7 19. Rxa8 Rxa8 20. Qb2 fxg3 21. Nxf6+ Bxf6
22. fxg3 Rf8 23. Qa2 Kg7 24. Be3 Qe7 25. Rf1 Rh8 26. Qa7 Rc8 27. Ne1 g4 28. Nc2
Bg5 29. Bf2 Rf8 30. Ne3 Rf7 31. Nd5 Bxd5 32. cxd5 h5 33. Qa1 h4 34. Qe1 h3 35.
Bh1 Qd7 36. Qb1 Rf8 37. Qb2 Ne7 38. Re1 Ra8 39. d4 Bf6 40. dxe5 Bxe5 41. Bd4
Ng6 42. Rf1 Rf8 43. Rxf8 Kxf8 44. Bxe5 Nxe5 45. Qf2+ Qf7 46. Qf4 Ke7 47. Kf1
Nd3 48. Qf5 Qxf5+ 49. exf5 Kf6 50. Be4 Nc5 51. Bc2 Ke5 52. Ke2 Nd7 53. Ke3 Nf6
54. Bb3 Kxf5 55. Kd4 Nd7 56. Bc2+ Kf6 57. Ke4 Kg5 58. Kd4 Nf6 59. Bd3 Nh5 60.
Be4 Nf6 61. Bd3 Nd7 62. Bc2 Ne5 63. Be4 Nd7 64. Bc2 Nc5 65. Kc4 Nd7 66. Kd4 Kf6
67. Bd3 Ne5 68. Be4 Nf3+ 69. Bxf3 gxf3 70. Ke3 Ke5 71. Kxf3 Kxd5 72. Kf4 Ke6
73. Ke4 Kf6 74. Kd5 Kf5 75. Kd4 Ke6 76. Ke4 Kf6 77. Kd5 Kf5 78. Kd4 Ke6 79. Ke4
Kf6 1/2-1/2

[Event "Albrecht-Beer-Turnier Gera"]
[Site "Gera"]
[Date "2024.10.04"]
[Round "3.31"]
[White "Kutlar, Aras"]
[Black "Lenhardt, Manfred"]
[Result "1/2-1/2"]
[WhiteElo "1759"]
[BlackElo "2012"]
[PlyCount "49"]
[EventDate "2024.10.03"]
[WhiteTeam "Hamburger SK von 1830"]
[BlackTeam "SC Weisse Dame"]

1. e4 g6 2. d4 c6 3. Nc3 Bg7 4. Be3 d5 5. Qd2 dxe4 6. Nxe4 Nd7 7. O-O-O Ngf6 8.
f3 Nxe4 9. fxe4 Nf6 10. Bd3 Ng4 11. Nf3 Nxe3 12. Qxe3 Bg4 13. c3 Qa5 14. Kb1
O-O 15. Bc4 Rac8 16. h3 Bxf3 17. gxf3 c5 18. dxc5 Qxc5 19. Qxc5 Rxc5 20. Bd5 a5
21. Rd3 e6 22. Bb3 b5 23. a4 Rb8 24. Kc2 Bf6 25. Rg1 1/2-1/2

[Event "Albrecht-Beer-Turnier Gera"]
[Site "Gera"]
[Date "2024.10.04"]
[Round "3.32"]
[White "Zakirov, Nikita"]
[Black "Maiwald, Harald"]
[Result "0-1"]
[WhiteElo "1750"]
[BlackElo "1946"]
[PlyCount "52"]
[EventDate "2024.10.03"]
[WhiteTeam "SVG CAISSA Kassel"]
[BlackTeam "TSG Apolda"]

1. d4 Nf6 2. Bf4 g6 3. e3 Bg7 4. Bc4 O-O 5. Nd2 d5 6. Bd3 c5 7. c3 Nc6 8. Qc2
e5 9. Bxe5 Nxe5 10. dxe5 Ng4 11. Ngf3 Nxe5 12. Nxe5 Bxe5 13. Nf3 Bg7 14. O-O-O
Qa5 15. Kb1 c4 16. Bxg6 hxg6 17. Ka1 Bf5 18. Qe2 Bd3 19. Qd2 Rfd8 20. Nd4 Bxd4
21. exd4 Re8 22. h4 Re2 23. Qh6 Qb6 24. Rd2 Rae8 25. Rxe2 Rxe2 26. Qc1 Rc2 0-1

[Event "Albrecht-Beer-Turnier Gera"]
[Site "Gera"]
[Date "2024.10.04"]
[Round "3.33"]
[White "Phenn, Jan-Niklas"]
[Black "Czäczine, Paula"]
[Result "0-1"]
[WhiteElo "1943"]
[BlackElo "1757"]
[PlyCount "114"]
[EventDate "2024.10.03"]
[WhiteTeam "SC Reichenbach"]
[BlackTeam "Chemnitzer SC Aufbau`95"]

1. d4 d5 2. c4 dxc4 3. e4 e5 4. Nf3 exd4 5. Bxc4 Nc6 6. O-O Be6 7. Bb5 Bc5 8.
b4 Bb6 9. a4 a6 10. Bxc6+ bxc6 11. Qc2 Ne7 12. Rd1 Qd6 13. a5 Ba7 14. Bb2 c5
15. bxc5 Qxc5 16. Qxc5 Bxc5 17. Nxd4 O-O 18. Ba3 Bxd4 19. Rxd4 Nc6 20. Rd2 Rfd8
21. Bc1 Nd4 22. Nc3 Nb3 23. Rxd8+ Rxd8 24. Rb1 Nxa5 25. Bf4 Nb3 26. h3 c5 27.
Nd5 c4 28. Rd1 Kf8 29. Kf1 Bxd5 30. exd5 Nc5 31. Bc7 Rd7 32. d6 c3 33. Rc1 Ne4
34. Ke2 Nxd6 35. Bxd6+ Rxd6 36. Rxc3 Rd8 37. Ra3 Ra8 38. Ra5 Ke7 39. Kd3 Kd6
40. f4 Kc6 41. Kc4 Kb6 42. Ra3 a5 43. g4 Rc8+ 44. Kd5 Rd8+ 45. Ke5 Rd7 46. h4
Kb5 47. h5 a4 48. h6 gxh6 49. Rh3 Ra7 50. Rxh6 a3 51. Rh1 a2 52. Ra1 Kc4 53.
Kf6 Kb3 54. f5 Kb2 55. Rxa2+ Kxa2 56. Kg7 Kb3 57. Kxh7 Kc4 0-1

[Event "Albrecht-Beer-Turnier Gera"]
[Site "Gera"]
[Date "2024.10.04"]
[Round "3.34"]
[White "Dittrich, Carsten"]
[Black "John, Linnea"]
[Result "1-0"]
[WhiteElo "1930"]
[BlackElo "1749"]
[PlyCount "81"]
[EventDate "2024.10.03"]
[WhiteTeam "SSC Graal-Müritz"]
[BlackTeam "SV Königsjäger Süd-West"]

1. e4 c5 2. Nc3 Nc6 3. g3 e6 4. Bg2 Nge7 5. d3 g6 6. Nge2 Bg7 7. Be3 Nd4 8. O-O
O-O 9. Qd2 Re8 10. Nc1 Nec6 11. Nd1 Ne5 12. f3 d6 13. c3 Ndc6 14. h3 b6 15. Ne2
Ba6 16. Nf2 d5 17. Rfd1 d4 18. Bh6 Bh8 19. c4 Rc8 20. a3 Qf6 21. f4 Nd7 22. Rf1
Qe7 23. g4 Na5 24. Rab1 f5 25. Bg5 Bf6 26. Bxf6 Nxf6 27. e5 Nd7 28. b4 Nxc4 29.
dxc4 Bxc4 30. Rfc1 Ba6 31. b5 Bxb5 32. Rxb5 a6 33. Rbb1 b5 34. Qa5 Nb8 35. Qb6
Qc7 36. Qxc7 Rxc7 37. Nxd4 Rd7 38. Nc6 Rd2 39. Nxb8 Rxb8 40. Rxc5 Rd4 41. Rc6
1-0

[Event "Albrecht-Beer-Turnier Gera"]
[Site "Gera"]
[Date "2024.10.04"]
[Round "3.35"]
[White "Bergmann, Rafael Antonio"]
[Black "Neumann, Michael"]
[Result "0-1"]
[WhiteElo "1738"]
[BlackElo "1920"]
[PlyCount "104"]
[EventDate "2024.10.03"]
[WhiteTeam "TSG Oberschöneweide"]
[BlackTeam "SV Mattnetz Berlin"]

1. e4 d5 2. exd5 Qxd5 3. Nc3 Qa5 4. d4 Nf6 5. Bd3 Nc6 6. Nge2 Bf5 7. O-O e6 8.
Re1 O-O-O 9. Be3 Nb4 10. a3 Nxd3 11. cxd3 Qa6 12. Qd2 Qxd3 13. Rec1 Qxd2 14.
Bxd2 Bd6 15. Nb5 Kb8 16. Nxd6 Rxd6 17. Bf4 Rd7 18. h3 Nd5 19. Bh2 Ka8 20. Nf4
Nxf4 21. Bxf4 c6 22. Rc4 Rhd8 23. Rd1 Rd5 24. Be3 e5 25. Kh2 Kb8 26. a4 c5 27.
g4 Be6 28. Kg3 cxd4 29. Bd2 f6 30. Kg2 R5d6 31. Rb4 Rc6 32. f4 Rdc8 33. Kf1 Rc4
34. fxe5 fxe5 35. Ke1 Rxb4 36. Bxb4 Bb3 37. Rd2 Kc7 38. a5 Kd7 39. Ke2 Ke6 40.
Ba3 Kd5 41. Be7 Rc7 42. Bf8 Rf7 43. Ba3 e4 44. Bb4 e3 45. Rd3 Bc4 46. a6 Bxa6
47. Bc3 Rf2+ 48. Kd1 Bxd3 49. Be1 Rxb2 50. Bd2 Rxd2+ 51. Ke1 Rf2 52. g5 Rf1#
0-1

[Event "Albrecht-Beer-Turnier Gera"]
[Site "Gera"]
[Date "2024.10.04"]
[Round "3.36"]
[White "Just, Anita"]
[Black "Naumann, Thomas"]
[Result "1-0"]
[WhiteElo "1918"]
[BlackElo "1745"]
[PlyCount "45"]
[EventDate "2024.10.03"]
[WhiteTeam "SV Weißblau Allianz Leipzig e.V."]
[BlackTeam "ESV Lok Döbeln"]

1. e4 e5 2. Nf3 Nc6 3. Bc4 Bc5 4. c3 Nf6 5. d4 exd4 6. O-O O-O 7. e5 Ne8 8.
cxd4 Be7 9. d5 Na5 10. Bd3 b6 11. Nc3 d6 12. b4 Nb7 13. Qc2 g6 14. Nd4 dxe5 15.
Nc6 Qd7 16. Nxe5 Qd6 17. Nc4 Qd7 18. Bh6 Ng7 19. Rae1 Bxb4 20. Ne5 Qd8 21. Nc6
Qh4 22. Bxg7 Kxg7 23. Re4 1-0

[Event "Albrecht-Beer-Turnier Gera"]
[Site "Gera"]
[Date "2024.10.04"]
[Round "3.37"]
[White "Ali, Maha"]
[Black "Homberger, Jan"]
[Result "1/2-1/2"]
[WhiteElo "1725"]
[BlackElo "1915"]
[PlyCount "88"]
[EventDate "2024.10.03"]
[WhiteTeam "SC Kreuzberg"]
[BlackTeam "SSV Vimaria 91 Weimar"]

1. d4 Nf6 2. c4 g6 3. Nc3 Bg7 4. e4 d6 5. Be2 O-O 6. Be3 e5 7. d5 Na6 8. h4 Nc5
9. Bf3 a5 10. g4 Nfd7 11. g5 f5 12. gxf6 Bxf6 13. Bh6 Rf7 14. h5 Bg5 15. hxg6
hxg6 16. Bxg5 Qxg5 17. Nh3 Qf6 18. Bg4 Nb6 19. Bxc8 Rxc8 20. b3 Qf3 21. Qxf3
Rxf3 22. Kd2 Rcf8 23. Rag1 Rd3+ 24. Kc2 Rff3 25. Rxg6+ Kf8 26. Ng5 Rxc3+ 27.
Kb2 Nbd7 28. Rh8+ Ke7 29. Rh7+ Ke8 30. Rg8+ Nf8 31. Nxf3 Rxf3 32. Rxc7 Rxf2+
33. Kc1 a4 34. bxa4 Kd8 35. Rh7 b6 36. Ra7 Ncd7 37. Ra8+ Ke7 38. Rg7+ Kf6 39.
Rg8 Kf7 40. Rh8 Rf4 41. Ra7 Rxe4 42. Rxf8+ Kxf8 43. Rxd7 Rxc4+ 44. Kb2 Rxa4
1/2-1/2

[Event "Albrecht-Beer-Turnier Gera"]
[Site "Gera"]
[Date "2024.10.04"]
[Round "3.38"]
[White "Reißmann, Edmund"]
[Black "Kerstan, André"]
[Result "1/2-1/2"]
[WhiteElo "1713"]
[BlackElo "1908"]
[PlyCount "45"]
[EventDate "2024.10.03"]
[WhiteTeam "SV Erzgebirge Stollberg"]
[BlackTeam "SG BiBaBo Leipzig"]

1. d4 d5 2. Nf3 Nf6 3. Bf4 e6 4. e3 Bd6 5. Bg3 c5 6. c3 Nc6 7. Bd3 O-O 8. Nbd2
Re8 9. Ne5 Bxe5 10. Bxe5 Nxe5 11. dxe5 Nd7 12. f4 g6 13. O-O f6 14. Nf3 fxe5
15. Nxe5 Nxe5 16. fxe5 Rf8 17. Qg4 Kg7 18. h4 Bd7 19. h5 Qe7 20. hxg6 h6 21.
Rf3 Rxf3 22. gxf3 Rh8 23. Qh5 1/2-1/2

[Event "Albrecht-Beer-Turnier Gera"]
[Site "Gera"]
[Date "2024.10.04"]
[Round "3.40"]
[White "Kosovska, Olena"]
[Black "Meyer, Jessica"]
[Result "1-0"]
[WhiteElo "1896"]
[BlackElo "1697"]
[PlyCount "53"]
[EventDate "2024.10.03"]
[WhiteTeam "SG Grün-Weiß Dresden"]
[BlackTeam "SV Motor Zeitz"]

1. c4 b6 2. d4 e6 3. e4 Bb7 4. Nc3 Bb4 5. Qg4 Nf6 6. Qxg7 Rg8 7. Qh6 Bxe4 8. f3
Bg6 9. Bg5 Be7 10. Nge2 Ng4 11. Bxe7 Nxh6 12. Bxd8 Kxd8 13. g4 f6 14. Nf4 Nc6
15. O-O-O Ne7 16. h4 f5 17. g5 Nf7 18. h5 Nxg5 19. hxg6 hxg6 20. d5 e5 21. Nd3
d6 22. f4 Nf7 23. Rh7 Rf8 24. Bg2 Kd7 25. fxe5 Nxe5 26. Nxe5+ dxe5 27. d6 1-0

[Event "Albrecht-Beer-Turnier Gera"]
[Site "Gera"]
[Date "2024.10.04"]
[Round "3.41"]
[White "Han, Erdem"]
[Black "Kapp, Frank"]
[Result "1/2-1/2"]
[WhiteElo "1705"]
[BlackElo "1892"]
[PlyCount "37"]
[EventDate "2024.10.03"]
[WhiteTeam "SSV Vimaria 91 Weimar"]
[BlackTeam "TSV IFA Chemnitz"]

1. d4 e6 2. c4 f5 3. Nc3 d5 4. Bf4 c6 5. e3 Nf6 6. Nf3 Be7 7. Bd3 O-O 8. O-O
Ne4 9. Bxe4 fxe4 10. Ne5 Nd7 11. Rb1 Nxe5 12. dxe5 Bg5 13. Qg4 Rf5 14. Ne2 Bd7
15. Nd4 Bxf4 16. Nxf5 Bxh2+ 17. Kxh2 exf5 18. Qg3 Be6 19. Rfd1 1/2-1/2

[Event "Albrecht-Beer-Turnier Gera"]
[Site "Gera"]
[Date "2024.10.04"]
[Round "3.42"]
[White "Burchardi, Helena"]
[Black "Schaudin, Andreas"]
[Result "0-1"]
[WhiteElo "1669"]
[BlackElo "1885"]
[PlyCount "74"]
[EventDate "2024.10.03"]
[WhiteTeam "SV Königsjäger Süd-West"]
[BlackTeam "SZ Elstertal Langenberg"]

1. e4 b6 2. d4 Bb7 3. Nc3 e6 4. a3 g6 5. Nf3 Bg7 6. Bg5 f6 7. Bh4 Ne7 8. Qd2 h5
9. Qf4 O-O 10. Bg3 d6 11. h4 Kh7 12. Qe3 Nd7 13. Bd3 e5 14. Qe2 Re8 15. O-O-O
Qc8 16. Bc4 Nc6 17. Ng5+ Kh8 18. Nf7+ Kh7 19. f4 Nxd4 20. Rxd4 exd4 21. f5 dxc3
22. Ng5+ fxg5 23. hxg5 d5 24. Rxh5+ gxh5 25. Qxh5+ Kg8 26. exd5 cxb2+ 27. Kb1
Ne5 28. Ba2 Qxf5 29. d6+ Nf7 30. Qxf7+ Qxf7 31. g6 Qxa2+ 32. Kxa2 cxd6 33. Kb1
d5 34. Ka2 Re2 35. Kb1 Rxg2 36. Bf4 Rg1+ 37. Ka2 b1=Q# 0-1

[Event "Albrecht-Beer-Turnier Gera"]
[Site "Gera"]
[Date "2024.10.04"]
[Round "3.43"]
[White "Streit, Jürgen"]
[Black "Wagner, Silvio"]
[Result "1-0"]
[WhiteElo "1882"]
[BlackElo "1671"]
[PlyCount "57"]
[EventDate "2024.10.03"]
[WhiteTeam "SZ Elstertal Langenberg"]
[BlackTeam "Einheit Börnichen"]

1. e4 e5 2. Nf3 d6 3. Bc4 Nc6 4. h3 h6 5. O-O Qe7 6. Nc3 Nf6 7. d4 exd4 8. Nxd4
Nxd4 9. Qxd4 Qe5 10. Qd3 a6 11. f4 Qe7 12. e5 dxe5 13. fxe5 Qxe5 14. Bf4 Qc5+
15. Kh1 Be7 16. Rae1 O-O 17. Re5 Qb4 18. a3 Qd6 19. Qg6 Nd7 20. Qg3 Nxe5 21.
Bxe5 Qxe5 22. Qxe5 Bd6 23. Qe4 Rb8 24. Rxf7 Rxf7 25. Qe8+ Kh7 26. Bxf7 h5 27.
h4 c6 28. Qg8+ Kh6 29. Qh8# 1-0

[Event "Albrecht-Beer-Turnier Gera"]
[Site "Gera"]
[Date "2024.10.04"]
[Round "3.44"]
[White "Hanmuradov, Ülwi"]
[Black "Ottlik, Marie"]
[Result "1-0"]
[WhiteElo "1872"]
[BlackElo "1657"]
[PlyCount "57"]
[EventDate "2024.10.03"]
[WhiteTeam "ESV Gera"]
[BlackTeam "TSV Kitzscher"]

1. d4 Nf6 2. c4 g6 3. Nc3 Bg7 4. e4 d6 5. Nf3 O-O 6. Be2 e5 7. O-O Nc6 8. d5
Ne7 9. Ne1 Nd7 10. Be3 f5 11. f3 f4 12. Bf2 g5 13. Rc1 a6 14. b4 Nf6 15. Nd3 h5
16. c5 g4 17. cxd6 Qxd6 18. Bc5 Qd8 19. Nxe5 Nxe4 20. Nxe4 Bxe5 21. fxg4 b6 22.
Bxb6 cxb6 23. d6 Ng6 24. Qd5+ Kh8 25. Qxa8 Bxg4 26. Qxd8 Rxd8 27. Bxg4 hxg4 28.
Rfd1 Nh4 29. d7 1-0

[Event "Albrecht-Beer-Turnier Gera"]
[Site "Gera"]
[Date "2024.10.04"]
[Round "3.45"]
[White "Shynkar, Daria"]
[Black "Hilbert, Stephan-Jörg"]
[Result "1-0"]
[WhiteElo "1661"]
[BlackElo "1867"]
[PlyCount "51"]
[EventDate "2024.10.03"]
[WhiteTeam "Schachakademie Paderborn"]
[BlackTeam "SV Motor Zeitz"]

1. d4 Nf6 2. c4 e6 3. Nc3 b6 4. e4 Bb7 5. Bd3 Bb4 6. Qc2 d5 7. cxd5 exd5 8. e5
Ne4 9. Nge2 h6 10. O-O Nxc3 11. bxc3 Be7 12. Ba3 O-O 13. Bxe7 Qxe7 14. f4 c5
15. Ng3 cxd4 16. cxd4 Nc6 17. Nf5 Qa3 18. Rf3 Nb4 19. Qe2 Nxd3 20. Rxd3 Qb4 21.
Qg4 g6 22. Nxh6+ Kh7 23. Qh4 Bc8 24. Nf5+ Kg8 25. Ne7+ Kg7 26. Qf6+ 1-0

[Event "Albrecht-Beer-Turnier Gera"]
[Site "Gera"]
[Date "2024.10.04"]
[Round "3.49"]
[White "Horn, Jens"]
[Black "Binder, Andreas"]
[Result "1/2-1/2"]
[WhiteElo "1644"]
[BlackElo "1821"]
[PlyCount "42"]
[EventDate "2024.10.03"]
[WhiteTeam "Post-SV Crimmitschau"]
[BlackTeam "SK Weiden 1907"]

1. e4 e5 2. Nf3 Nc6 3. Bb5 a6 4. Ba4 d6 5. h3 Bd7 6. c3 Nf6 7. d3 h6 8. Nbd2
Be7 9. O-O b5 10. Bc2 O-O 11. Re1 Nh7 12. Nf1 Ng5 13. N1h2 Nxf3+ 14. Nxf3 f5
15. d4 f4 16. dxe5 Nxe5 17. Nxe5 dxe5 18. Qd5+ Kh8 19. Qxe5 Bd6 20. Qh5 Be8 21.
Qd5 Be7 1/2-1/2

[Event "Albrecht-Beer-Turnier Gera"]
[Site "Gera"]
[Date "2024.10.04"]
[Round "3.51"]
[White "Müller, Cosima"]
[Black "Hildebrand, Azat"]
[Result "1/2-1/2"]
[WhiteElo "1807"]
[BlackElo "1590"]
[PlyCount "79"]
[EventDate "2024.10.03"]
[WhiteTeam "SSV Altenberg"]
[BlackTeam "SC Borussia Lichtenberg"]

1. e4 c6 2. d4 d5 3. exd5 cxd5 4. Bd3 Nf6 5. c3 Bg4 6. Qb3 Qc7 7. Ne2 Bxe2 8.
Bxe2 e6 9. Nd2 Nc6 10. Nf3 Bd6 11. O-O O-O 12. Bd3 h6 13. h3 a6 14. Be3 b5 15.
a3 Rfb8 16. Rae1 a5 17. Qd1 b4 18. axb4 axb4 19. g3 bxc3 20. bxc3 Na5 21. Bd2
Nc4 22. Bc1 Nb2 23. Bxb2 Rxb2 24. Ne5 Qxc3 25. Re3 Qc7 26. Ng4 Ne4 27. Qc1 Qb8
28. Bxe4 dxe4 29. Qc6 f5 30. Ne5 Rb1 31. Qc4 Bxe5 32. Qxe6+ Kh8 33. dxe5 Rxf1+
34. Kxf1 Ra1+ 35. Kg2 Qb1 36. Qc8+ Kh7 37. Qxf5+ Kh8 38. Qc8+ Kh7 39. Qf5+ Kh8
40. Qc8+ 1/2-1/2

[Event "Albrecht-Beer-Turnier Gera"]
[Site "Gera"]
[Date "2024.10.04"]
[Round "3.53"]
[White "Kroh, Christian"]
[Black "Boroshnev, Dmytro"]
[Result "1/2-1/2"]
[WhiteElo "1785"]
[BlackElo "1543"]
[PlyCount "160"]
[EventDate "2024.10.03"]
[WhiteTeam "TSG Apolda"]
[BlackTeam "SC Turm Erfurt"]

1. d4 d5 2. Nf3 Nf6 3. e3 Bf5 4. c4 e6 5. Nc3 Be7 6. Be2 dxc4 7. Bxc4 c6 8. h3
Nbd7 9. O-O O-O 10. Nh4 Bg6 11. Nxg6 hxg6 12. Rb1 c5 13. dxc5 Nxc5 14. Qc2 Rc8
15. b4 Ncd7 16. Bd3 Nd5 17. Rb3 Nxb4 18. Qb1 Nxd3 19. Qxd3 Nc5 20. Qxd8 Rfxd8
21. Rb1 Bf6 22. Ne2 b6 23. Ng3 Rd3 24. e4 Bh4 25. Ne2 Nxe4 26. g3 Bf6 27. Be3
Nc3 28. Nxc3 Rdxc3 29. Rfd1 Rc2 30. a3 R2c3 31. a4 Be5 32. Kg2 R8c7 33. Rb4
R3c4 34. Rb5 Bf6 35. a5 bxa5 36. Rxa5 g5 37. Rxa7 Rxa7 38. Bxa7 Kh7 39. Be3 Kg6
40. g4 Be5 41. Rc1 Rb4 42. Rc5 Bf6 43. Ra5 Rb7 44. Kf3 Be7 45. Ra7 Rxa7 46.
Bxa7 f5 47. Ke3 Bd6 48. Kd4 Kf6 49. Bb6 Be7 50. Bc7 g6 51. f3 Kf7 52. Ke5 Bf6+
53. Kd6 Bd4 54. Bd8 Be3 55. Ke5 Bf4+ 56. Kd4 Ke8 57. Ba5 Kd7 58. Kc5 Be3+ 59.
Kc4 Kd6 60. Kd3 Bf4 61. Bb6 Kd5 62. Ba7 e5 63. Bb6 e4+ 64. Ke2 Ke6 65. Ba7 Be5
66. Be3 Bf6 67. Bb6 Kd5 68. Bc7 Be7 69. Bb8 Bd6 70. Ba7 Bc7 71. Be3 Bd8 72. Bc1
f4 73. Bb2 exf3+ 74. Kxf3 Kc4 75. Be5 Kd3 76. Bd6 Bf6 77. Bc5 Kd2 78. Bb6 Ke1
79. Bc5 Kf1 80. Bb6 Ke1 1/2-1/2

[Event "Albrecht-Beer-Turnier Gera"]
[Site "Gera"]
[Date "2024.10.04"]
[Round "3.60"]
[White "Schimming, Jürgen"]
[Black "Skibbe, Peter"]
[Result "1-0"]
[WhiteElo "1476"]
[BlackElo "1738"]
[PlyCount "87"]
[EventDate "2024.10.03"]
[WhiteTeam "SK Turm Bad Hersfeld"]
[BlackTeam "ESV Gera"]

1. c4 Nf6 2. Nc3 e6 3. Nf3 d5 4. e3 c6 5. d4 Bb4 6. Qc2 Nbd7 7. a3 Be7 8. b4
dxc4 9. Bxc4 Nb6 10. Bb3 O-O 11. O-O Re8 12. Bb2 Nbd5 13. Ne2 Bd6 14. e4 Nxb4
15. axb4 Bxb4 16. Bc3 Bxc3 17. Nxc3 Qc7 18. e5 Nd5 19. Nxd5 exd5 20. Bxd5 Qe7
21. Be4 g6 22. Qd2 Bg4 23. Qe3 a5 24. h3 Bxf3 25. Bxf3 a4 26. Ra3 Ra5 27. Rfa1
Rea8 28. Qc1 Qd7 29. Qc4 Rc8 30. Qc3 Rca8 31. Qc4 Qd8 32. Qb4 Rb5 33. Qd6 Qa5
34. Rxa4 Qxa4 35. Rxa4 Rxa4 36. Qb8+ Kg7 37. Bxc6 Rb1+ 38. Kh2 Rxd4 39. Bf3 Rd2
40. Kg3 Rbb2 41. Qa7 b5 42. e6 Rxf2 43. Qxf7+ Kh6 44. Qf8+ 1-0

[Event "Albrecht-Beer-Turnier Gera"]
[Site "Gera"]
[Date "2024.10.04"]
[Round "3.61"]
[White "Barbas, Fernando"]
[Black "Scheiding, Sophia"]
[Result "1/2-1/2"]
[WhiteElo "1693"]
[BlackElo "1669"]
[PlyCount "44"]
[EventDate "2024.10.03"]
[BlackTeam "Meuselwitzer SV"]

1. e4 e5 2. Nf3 Nf6 3. Nxe5 d6 4. Nc4 Nxe4 5. Qe2 Qe7 6. Ne3 Nf6 7. Nc3 c6 8.
g3 Be6 9. Bg2 g6 10. O-O Bg7 11. f4 O-O 12. f5 Bd7 13. a4 d5 14. fxg6 fxg6 15.
Nexd5 Qxe2 16. Nxf6+ Bxf6 17. Nxe2 Bg4 18. Nf4 g5 19. Bh3 Bxh3 20. Nxh3 h6 21.
Ra3 Nd7 22. Rd3 Nc5 1/2-1/2

[Event "Albrecht-Beer-Turnier Gera"]
[Site "Gera"]
[Date "2024.10.04"]
[Round "3.62"]
[White "Kopiske, Karl"]
[Black "Just, Joachim"]
[Result "0-1"]
[WhiteElo "1578"]
[BlackElo "1935"]
[PlyCount "90"]
[EventDate "2024.10.03"]
[WhiteTeam "USG Chemnitz"]
[BlackTeam "SV Motor Zeitz"]

1. e4 e6 2. d4 d5 3. Nd2 dxe4 4. Nxe4 Bd7 5. Nf3 Bc6 6. Bd3 Nd7 7. O-O Ngf6 8.
Nxf6+ gxf6 9. Qe2 Qe7 10. Be4 Bxe4 11. Qxe4 O-O-O 12. a4 h5 13. c4 f5 14. Qe2
Bg7 15. Bg5 Bf6 16. Bxf6 Qxf6 17. a5 Rdg8 18. Kh1 h4 19. h3 Qg7 20. Rg1 Nf6 21.
d5 Ne4 22. dxe6 fxe6 23. Qe3 Kb8 24. b4 Qb2 25. Qe1 Qxf2 26. c5 Rxg2 27. Rxg2
Qxf3 28. Kh2 Qf4+ 29. Kg1 Ng3 30. Raa2 Rd8 31. Rgf2 Qg5 32. Rg2 Qh5 33. Rad2
Rxd2 34. Qxd2 Qe8 35. Qg5 Qh8 36. Kh2 a6 37. Qc1 Qe5 38. Qd1 Ka7 39. Kg1 Qe3+
40. Kh2 Qf4 41. Kg1 Qxb4 42. Qc1 Qb5 43. Kh2 e5 44. Qc3 Qb1 45. Rg1 Qxg1+ 0-1